Catfish and the Bottlemen Lyrics - Kathleen - Statistics

General Stats
  • This quiz has been taken 29 times
  • The average score is 157 of 222
Answer Stats
Lyrics % Correct
I
95%
you
95%
You
95%
a
90%
I'm
90%
it
90%
the
90%
to
90%
To
90%
your
90%
And
85%
and
85%
in
85%
go
80%
home
80%
know
80%
let
80%
me
80%
me,
80%
of
80%
when
80%
When
80%
You're
80%
you're
80%
But
75%
but
75%
give
75%
gotta
75%
He
75%
needed
75%
not
75%
problems
75%
all
70%
are
70%
feelings
70%
lips
70%
mood
70%
So,
70%
with
70%
can
65%
full
65%
impractical
65%
It's
65%
mixed
65%
summer
65%
above
60%
catch
60%
come
60%
don't
60%
exactly
60%
heartache
60%
homes
60%
how
60%
I'll
60%
out
60%
she
60%
That
60%
Yes,
60%
chest
55%
cuts
55%
down
55%
for
55%
I've
55%
never
55%
river
55%
simpatico
55%
sold
55%
thinking
55%
used
55%
work
55%
worries
55%
dealer
50%
dress
50%
hates
50%
her,
50%
leather
50%
see
50%
anything
45%
lift-
45%
made
45%
call
40%
Him
40%
off
40%
on
40%
Our
40%
acquiesce
35%
death
35%
fit
35%
head
35%
I'd
35%
or
35%
up
35%
filth
30%
Instead
30%
own
30%
No matching quizzes found
Score Distribution
Percent of People with Each Score
Percentile by Number Answered
Your Score History
You have not taken this quiz